La política : N. Tenzer ; tr. por J.C. Cruz Revueltas.

Salvato in:
Dettagli Bibliografici
Autore principale: Tenzer, Nicolas (autor)
Altri autori: Cruz Revueltas, Juan Cristóbal (traducción) (traducción)
Natura: Libro
Lingua:spagnolo
Pubblicazione: México : Publicaciones Cruz O., 1992, c1992
Serie:(¿Qué Sé? [Publicaciones Cruz O.] ; 20)
Soggetti:
Tags: Aggiungi Tag
Nessun Tag, puoi essere il primo ad aggiungerne!!

MARC

LEADER 00000nam^a2200000^a^4500
001 000273958
005 20250521000000.0
009 20260310111147.768
020 |a 968-20-0173-0 
037 |a Acervo ITESO - Biblioteca 
041 |a ESP 
082 |a 320.  |b TEN 
100 |a Tenzer, Nicolas  |e (autor) 
245 1 3 |a La política :  |b N. Tenzer ; tr. por J.C. Cruz Revueltas. 
264 4 |a México :  |b Publicaciones Cruz O.,  |c 1992, c1992 
300 |a 110 p. 
336 |a texto  |b txt  |2 rdacontenido 
337 |a sin mediación  |b n  |2 rdamedio 
338 |a volumen  |b nc  |2 rdasoporte 
440 1 |a (¿Qué Sé? [Publicaciones Cruz O.] ;  |v 20) 
500 |a Traducción de: La politique 
649 |a XX 
650 |a Política -  |x Teoría 
700 |a Cruz Revueltas, Juan Cristóbal  |e (traducción) 
910 |a Fondo General 
920 |a Impresos - Libros 
930 |a Colección General 
905 |a 101 
901 |a 0500159642  |b IT1  |c ACC  |u 20250521 
902 |a https://opac.biblio.iteso.mx/vufind/Record/000273958